VYUŽITIE ALKALICKÝCH POLYAMIDOV V SPIROIDNÝCH PREVODOCH

Bibliographic Details
Main Authors: Král, Štefan, 1939- (Author), Majerčák, P. (Author), Goľdfarb, V. (Author)
Format: Article
Language:Slovak

MARC

LEADER 00000naa a2200000uu 4500
001 vtls011084807
003 SK-MaSNL
005 20260302105038.0
008 210910|1995 xo |||||||||||||||||slo|
015 |a SNBRA 
035 |a (urnnbn)urn:nbn:sk:snk:ar-a0clim 
035 |a (uuid)9731667f-0944-4aa3-a57a-c1197956bedc 
035 |a urn:nbn:sk:snk-aavrer 
040 |a SNKBUCL  |b slo  |c SNKBUCL  |e AACR2 
041 0 |a slo 
044 |a xo  |c SK 
100 1 |a Král, Štefan,  |d 1939-  |4 aut  |9 206531 
245 1 0 |a VYUŽITIE ALKALICKÝCH POLYAMIDOV V SPIROIDNÝCH PREVODOCH  |c Š. Král, P. Majerčák, V. Goľdfarb 
700 1 |a Majerčák, P.  |4 aut  |9 783088 
700 1 |a Goľdfarb, V.  |4 aut  |9 783089 
773 0 |t Zásadné otázky rozvoja vedy a techniky v SR ; Výsledky vedy, výskumu a vývoja  |d Žilina] : [Dom techniky ZSVTS], 1995, 1995  |g S. 72-75  |z 8023103121 
958 |a OND 
958 |a article12 
958 |a chapter 
999 |c 1237224  |d 1239154